| Tag |
First Indicator |
Second Indicator |
Subfields |
| LEADER |
00000cam a2200000 i 4500 |
| 001 |
in00004069737 |
| 005 |
20190718165405.0 |
| 008 |
180130t20182018nyu 000 1 eng |
| 010 |
|
|
|a 2018000347
|
| 019 |
|
|
|a 1039535296
|
| 020 |
|
|
|a 9781476778440
|q (hardcover)
|
| 020 |
|
|
|a 1476778442
|q (hardcover)
|
| 020 |
|
|
|a 9781476778457
|q (trade paperback)
|
| 020 |
|
|
|a 1476778450
|q (trade paperback)
|
| 020 |
|
|
|z 9781476778464
|q (ebook)
|
| 020 |
|
|
|a 9780008303679
|
| 020 |
|
|
|a 0008303673
|
| 024 |
8 |
|
|a 40028303742
|
| 035 |
|
|
|a (OCoLC)on1006790629
|
| 035 |
|
|
|a (OCoLC)1006790629
|z (OCoLC)1039535296
|
| 037 |
|
|
|b Simon & Schuster, Order Dept 100 Front st, Riverside, NJ, USA, 08075
|n SAN 200-2442
|
| 040 |
|
|
|a DLC
|b eng
|e rda
|c DLC
|d OCLCO
|d SSH
|d T3D
|d SXP
|d VTL
|d OCLCO
|d ORK
|d FM0
|d ZHB
|d VAX
|d ILC
|d MZ7
|d ZAD
|d IUK
|d YDX
|d OCLCO
|d TME
|d NDS
|d D9M
|d OCLCF
|d NZAUC
|d TXCMR
|d EYB
|d DLC
|d RB0
|d NZHWP
|d YXV
|d LKC
|d JOHCL
|d TZI
|d CUY
|d TXLPL
|d TXMCP
|d TXBVM
|d UNVSL
|d T8C
|d YUS
|d BUDAP
|d TXLVP
|d CGP
|d NDD
|d AP8
|d IVG
|d UPM
|d GAP
|d S#L
|d NTG
|d IST
|d PZZ
|d M@S
|d ZBV
|d BELLA
|d E9T
|d ALV
|d IK4
|d JAR
|d TXSCH
|d QS7
|d MHH
|d JDP
|d IAY
|d VAN
|d KE7
|d NZLPP
|d OI6
|d XK4
|d TE7
|d OY4
|d ON8
|d OJ4
|d Y#4
|d KFH
|d PORTN
|d TCJ
|d HWARD
|d BENPL
|d UP5
|d IY2
|d BPE
|d T3H
|d TXJDC
|d FYM
|d H4N
|d YU6
|d WNL
|d HZO
|d W8A
|d TXGPM
|d FSP
|d MKN
|d WC$
|d MLSOD
|d KE1
|d OCLCQ
|d LMR
|d OCLCQ
|d OCLCO
|d TXWHS
|d MLM
|d NVQ
|d OCLCO
|d TXENN
|d UIU
|d OCLCO
|d TXNPS
|d ZNW
|d FSS
|d LMJ
|d TL4
|d NZIPP
|d XOL
|d OCLCO
|d SISMU
|d UTP
|d OCLCO
|d M$K
|d DFO
|d OCLCO
|d SVZ
|d SOM
|d OCLCO
|d UtOrBLW
|
| 042 |
|
|
|a pcc
|
| 043 |
|
|
|a n-us-ct
|
| 049 |
|
|
|a TXAM
|
| 050 |
0 |
0 |
|a PS3623.E432457
|b W48 2018
|
| 082 |
0 |
0 |
|a 813/.6
|2 23
|
| 084 |
|
|
|a FIC044000
|a FIC016000
|a FIC000000
|2 bisacsh
|
| 100 |
1 |
|
|a Weisberger, Lauren,
|d 1977-
|e author.
|0 http://id.loc.gov/authorities/names/n2003033115
|
| 245 |
1 |
0 |
|a When life gives you Lululemons :
|b a novel /
|c Lauren Weisberger.
|
| 250 |
|
|
|a First Simon & Schuster hardcover edition.
|
| 264 |
|
1 |
|a New York, NY :
|b Simon & Schuster,
|c 2018.
|
| 264 |
|
4 |
|c ©2018
|
| 300 |
|
|
|a 343 pages ;
|c 24 cm.
|
| 336 |
|
|
|a text
|b txt
|2 rdacontent
|
| 337 |
|
|
|a unmediated
|b n
|2 rdamedia
|
| 338 |
|
|
|a volume
|b nc
|2 rdacarrier
|
| 380 |
|
|
|a Fiction
|2 marcgt
|
| 490 |
1 |
|
|a A Devil wears Prada novel ;
|v [3]
|
| 520 |
|
|
|a Welcome to Greenwich, Connecticut, where the lawns and the women are perfectly manicured, the Tito's and sodas are extra strong, and everyone has something to say about the infamous new neighbor. Let's be clear: Emily Charlton, Miranda Priestly's ex-assistant, does not do the suburbs. She is working in Hollywood as an image consultant to the stars. But recently, Emily has lost a few clients. She's hopeless with social media. The new guard is nipping at her heels. She needs a big opportunity and she needs it now. Enter Karolina Hartwell, as A-list as they come. She's the former face of L'Oreal. A mega-supermodel recognized the world over. And now the gorgeous wife of the newly elected senator from New York who also has his eye on the presidency. It's all very Kennedy-esque, right down to the public philandering and Karolina's arrest for a DUI, with a Suburban full of other people's children. So it is that Emily, the scorned Karolina, and their mutual friend Miriam, a powerful attorney turned stay-at-home suburban mom, band together to not only navigate the social land mines of suburban Greenwich but to win back the hearts of the American public. Along the way, an indispensable ally emerges in one Miranda Priestly.
|
| 650 |
|
0 |
|a Suburban life
|v Fiction.
|0 http://id.loc.gov/authorities/subjects/sh2008111428
|
| 650 |
|
0 |
|a Neighbors
|v Fiction.
|0 http://id.loc.gov/authorities/subjects/sh2010103621
|
| 650 |
|
0 |
|a Scandals
|v Fiction.
|0 http://id.loc.gov/authorities/subjects/sh2008111209
|
| 650 |
|
0 |
|a Image consultants
|v Fiction.
|
| 650 |
|
0 |
|a Celebrities
|v Fiction.
|0 http://id.loc.gov/authorities/subjects/sh2008100238
|
| 650 |
|
0 |
|a Stay-at-home mothers
|v Fiction.
|
| 650 |
|
0 |
|a Female friendship
|v Fiction.
|0 http://id.loc.gov/authorities/subjects/sh2008103512
|
| 651 |
|
0 |
|a Greenwich (Conn.)
|v Fiction.
|
| 650 |
|
1 |
|a Neighbors
|v Fiction.
|
| 650 |
|
7 |
|a FICTION
|x Contemporary Women.
|2 bisacsh
|
| 650 |
|
7 |
|a FICTION
|x General.
|2 bisacsh
|
| 650 |
|
7 |
|a FICTION
|x Humorous.
|2 bisacsh
|
| 650 |
|
7 |
|a Celebrities.
|2 fast
|0 (OCoLC)fst00850072
|
| 650 |
|
7 |
|a Female friendship.
|2 fast
|0 (OCoLC)fst00922609
|
| 650 |
|
7 |
|a Image consultants.
|2 fast
|0 (OCoLC)fst00967489
|
| 650 |
|
7 |
|a Neighbors.
|2 fast
|0 (OCoLC)fst01200293
|
| 650 |
|
7 |
|a Suburban life.
|2 fast
|0 (OCoLC)fst01136930
|
| 651 |
|
7 |
|a Connecticut.
|2 fast
|0 (OCoLC)fst01205688
|
| 651 |
|
7 |
|a Connecticut
|z Greenwich.
|2 fast
|0 (OCoLC)fst01205431
|
| 650 |
|
4 |
|a Suburban life
|v Fiction.
|
| 650 |
|
4 |
|a Neighbors
|v Fiction.
|
| 650 |
|
4 |
|a Female friendship
|v Fiction.
|
| 650 |
|
4 |
|a Scandals
|v Fiction.
|
| 650 |
|
4 |
|a Image consultants
|v Fiction.
|
| 650 |
|
4 |
|a Stay-at-home mothers
|v Fiction.
|
| 650 |
|
4 |
|a Celebrities
|v Fiction.
|
| 651 |
|
4 |
|a Greenwich (Conn.)
|v Fiction.
|
| 651 |
|
7 |
|a Greenwich (Conn.)
|v Fiction.
|2 sears
|
| 650 |
|
7 |
|a Female friendship
|v Fiction.
|2 sears
|
| 655 |
|
4 |
|a Humor in literature.
|
| 655 |
|
7 |
|a Humorous fiction.
|2 lcgft
|0 http://id.loc.gov/authorities/genreForms/gf2014026377
|
| 655 |
|
7 |
|a Fiction.
|2 fast
|0 (OCoLC)fst01423787
|
| 655 |
|
7 |
|a Humorous fiction.
|2 fast
|0 (OCoLC)fst01726649
|
| 655 |
|
7 |
|a Humorous fiction.
|2 gsafd
|
| 655 |
|
0 |
|a Chick lit.
|
| 800 |
1 |
|
|a Weisberger, Lauren,
|d 1977-
|t Devil wears Prada ;
|v 3.
|
| 948 |
|
|
|a cataloged
|b h
|c 2019/5/15
|d c
|e ceaton
|f 3:19:44 pm
|
| 994 |
|
|
|a C0
|b TXA
|
| 999 |
f |
f |
|s 6ee8f870-dd04-3db9-89d2-456f4fd019c7
|i b12a2376-fb75-3ea6-8eeb-1ee40c7af6bf
|t 0
|
| 952 |
f |
f |
|p normal
|a Texas A&M University
|b College Station
|c Sterling C. Evans Library
|d Evans: Library Stacks
|t 0
|e PS3623.E432457 W48 2018
|h Library of Congress classification
|i unmediated -- volume
|m A14850948077
|
| 998 |
f |
f |
|a PS3623.E432457 W48 2018
|t 0
|l Evans: Library Stacks
|